| 000 | 00617nam a2200241 a 4500 | ||
|---|---|---|---|
| 001 | BRCA_5058 | ||
| 005 | 20190320204925.0 | ||
| 008 | 081110s1971----mx-a######---#000-0#spa-# | ||
| 041 | _aspa | ||
| 044 | _amx | ||
| 050 | 4 |
_aF1220 _b.B44 1971 |
|
| 100 | 1 |
_aBenítez, Fernando _912903 |
|
| 245 | 1 | 0 |
_aLos indios de México _cFernando Benítez. |
| 250 | _a3 | ||
| 260 |
_aMéxico _bEra _c1971 |
||
| 300 |
_a514 p. _bil. (algunas a color) _c21 cm. |
||
| 440 | 0 |
_aSerie Mayor _912904 |
|
| 500 | _aEjemplar 2125 de 4000 | ||
| 500 | _aD148 | ||
| 650 | 1 | 4 |
_aIndígenas de México _94678 |
| 902 | _aGFM | ||
| 942 |
_2lcc _cB |
||
| 999 |
_c4752 _d4752 |
||